Inter-siembra de leguminosas con Triticum aestivium en el sur de la provincia de Buenos Aires /

Guardado en:
Autor Principal: Etcheto, Kevin Alejandro.
Autor Corporativo: Universidad Nacional del Sur. Departamento de Agronomía.
Otros Autores: Renzi, Juan Pablo, (tutor.)
Formato: Libro
Idioma:Spanish
Publicado: Bahía Blanca, 2017.
Etiquetas: Agregar Etiqueta
Sin Etiquetas, Sea el primero en etiquetar este registro!
LEADER 00745nam a22001695a 4500
001 EEA.libagro010922
005 20181010084004.0
008 171219s2017####ag############000#0#spa#d
082 0 4 |a 633.11 
100 1 |a Etcheto, Kevin Alejandro. 
245 1 0 |a Inter-siembra de leguminosas con Triticum aestivium en el sur de la provincia de Buenos Aires /  |c Kevin Alejandro Etcheto. 
260 |a Bahía Blanca,  |c 2017. 
300 |a 32 h. :  |b il., fot. col. ;  |c 30 cm. 
500 |a Trabajo de intensificación (Ingeniero Agrónomo) -- Universidad Nacional del Sur. Departamento de Agronomía, 2017. 
700 1 |a Renzi, Juan Pablo,  |e tutor. 
710 2 |a Universidad Nacional del Sur.  |b Departamento de Agronomía. 
859 |a AR-BbBCA  |b BIB. AGRONOMIA  |h 633.11  |i E83  |p 2017/6862